Shimizu Europe Ltd v Automajor Ltd (Record no. 70421)
[ view plain ]
| 000 -LEADER | |
|---|---|
| fixed length control field | 01594cam a2200205 4500 |
| 001 - CONTROL NUMBER | |
| control field | ABS65500 |
| 008 - FIXED-LENGTH DATA ELEMENTS--GENERAL INFORMATION | |
| fixed length control field | 020312n2002 000 0 eng u |
| 035 ## - SYSTEM CONTROL NUMBER | |
| System control number | (Sirsi) u118290 |
| 245 ## - TITLE STATEMENT | |
| Title | Shimizu Europe Ltd v Automajor Ltd |
| 260 ## - PUBLICATION, DISTRIBUTION, ETC. | |
| Date of publication, distribution, etc. | 2002 |
| 490 ## - SERIES STATEMENT | |
| Series statement | Building Law Reports |
| Volume/sequential designation | [2002] 3 BLR 113-124(12) |
| 520 ## - SUMMARY, ETC. | |
| Summary, etc. | TCC 17 January 2002. The claimant (S) brought CPR Part 8 proceedings seeking enforcement of an adjudicator's award, which the defendant (A) challenged on the grounds that the adjudicator had ordered payment in areas where he had no jurisdiction. "Held": judgement was given in favour of the claimant on the grounds that the adjudicator had jurisdiction to decide if A should make a payment to S and how much that payment should be. The judge also stated that it was not open to a party to an adjudication to approbate and reprobate an adjudicator's decision and that A could not but use the reasoning behind a decision that they had refused to accept as a whole to make a part payment. Full judgement available on the Court Service website http://www.courtservice.gov.uk/View.do?id=266&searchTerm=shimizu&ascending=false&index=0&maxIndex=1 |
| 590 ## - LOCAL NOTE (RLIN) | |
| Local note | ABS |
| 650 ## - SUBJECT ADDED ENTRY--TOPICAL TERM | |
| Topical term or geographic name entry element | MANAGEMENT-DISPUTE AVOIDANCE, MANAGEMENT AND RESOLUTION-DISPUTE MANAGEMENT AND RESOLUTION-ALTERNATIVE DISPUTE RESOLUTION-ADJUDICATION |
| 650 ## - SUBJECT ADDED ENTRY--TOPICAL TERM | |
| Topical term or geographic name entry element | CIVIL PROCEDURE RULES PART 8 |
| 650 ## - SUBJECT ADDED ENTRY--TOPICAL TERM | |
| Topical term or geographic name entry element | SHIMIZU EUROPE LTD V AUTOMAJOR LTD |
| 690 ## - LOCAL SUBJECT ADDED ENTRY--TOPICAL TERM (OCLC, RLIN) | |
| Topical term or geographic name as entry element | Dispute resolution |
| 9 (RLIN) | 6236 |
| 856 ## - ELECTRONIC LOCATION AND ACCESS | |
| Uniform Resource Identifier | <a href="https://www.courtservice.gov.uk/View.do?id=266&searchTerm=shimizu&ascending=false&index=0&maxIndex=1">https://www.courtservice.gov.uk/View.do?id=266&searchTerm=shimizu&ascending=false&index=0&maxIndex=1</a> |
| 942 ## - ADDED ENTRY ELEMENTS (KOHA) | |
| Suppress in OPAC | 0 |
| Withdrawn status | Lost status | Source of classification or shelving scheme | Damaged status | Not for loan | Home library | Current library | Shelving location | Date acquired | Total Checkouts | Full call number | Barcode | Date last seen | Copy number | Price effective from | Koha item type |
|---|---|---|---|---|---|---|---|---|---|---|---|---|---|---|---|
| Dewey Decimal Classification | London | London | Journal article | 06/06/2002 | ABS65500 | 118290-1001 | 06/08/2019 | 1 | 06/08/2019 | Law report |